000 00628 a2200193 4500
005 20080826114639.0
008 080826t xxu||||| |||| 00| 1 eng d
010 _aENG-87175
020 _c60.00
035 _aEN-70708
037 _bDBAD / PUB
082 _aN
100 _aGeorge, V.J.
245 _aHindustan robot
_bthe international leader
_cby V.J. George
260 _aThiruvananthapuram
_bIndia Books
_c2006
300 _a62 p.
_c21 cm. (Pbk.)
942 _adpl
_cEN
_kN / GEO
_2ddc
_hN
_mGEO
999 _c6126
_d6126